000 00487nam a2200157 i 4500
001 58477
003 ES-MaACL
005 20230906163821.0
007 t|
008 031022s1939 sp ||||1| spa d
100 1 _aDuyos Giorgeta, Rafael.
_946395
245 1 0 _aRomances de la Falange
_b: primero y segundo pliegos /
_cmenester de Rafael Duyos Giorgeta.
260 _aValencia :
_b[s.n.],
_c1939 (
_fTip. Moderna)
300 _a118 p. ;
_c22 cm.
852 _aES-MaACL
_j1691-F-15
_bR.18305
999 _c58477
_d58477